Frontières de l'Afghanistan-The Content Update - Statistiques

Statistiques générales
  • Ce quiz a été pris 24 fois
  • Le résultat moyen est 6 sur 6
Statistiques - réponses
Km Pays % Correct
936 Iran
100%
137 Ouzbekistan
96%
2430 Pakistan
96%
1206 Tadjikistan
96%
744 Turkménistan
91%
76 Chine
83%
Aucun quiz correspondant
Distribution des résultats
% des personnes avec chaque résultat
Percentile par nombre de réponses
Votre historique - résultats
Vous n’avez pas pris ce quiz